书目信息 |
| 题名: |
Delphi程序设计技能百练
|
|
| 作者: | 第一时间工作室 编著 ;第一时间工作室 编著 | |
| 分册: | ||
| 出版信息: | 北京 中国铁道出版社 2004.01 |
|
| 页数: | 345页 | |
| 开本: | 26cm | |
| 丛书名: | 电脑技能百练丛书 | |
| 单 册: | ||
| 中图分类: | TP311.56 | |
| 科图分类: | ||
| 主题词: | 软件工具--程序设计 , Delphi | |
| 电子资源: | ||
| ISBN: | 7-113-05300-9 | |
| 000 | 01052nam 2200277 450 | |
| 001 | 010233534283 | |
| 005 | 20050925103509.21 | |
| 010 | @a7-113-05300-9@dCNY36.00 (含光盘) | |
| 100 | @a20050825d2004 km y0chiy0120 ea | |
| 101 | 0 | @achi |
| 102 | @aCN@b110000 | |
| 105 | @aa z 000yy | |
| 200 | 1 | @aDelphi程序设计技能百练@ADelphi cheng xu she ji ji neng bai lian@f第一时间工作室编著@Fdi yi shi jian gong zuo shi bian zhu |
| 210 | @a北京@c中国铁道出版社@d2004.01 | |
| 215 | @a345页@c图@d26cm@e光盘1片 | |
| 225 | 2 | @a电脑技能百练丛书 |
| 307 | @a光盘 ISBN : 7-900113-87-8 | |
| 330 | @a本书共分19章。每一章都介绍了Delphi的使用技巧,其中包括Object Pascal、界面设计、控件使用、图形图像、多媒体应用、文件处理、系统控制、高级应用等。 | |
| 410 | 0 | @12001 @a电脑技能百练丛书 |
| 606 | 0 | @a软件工具@x程序设计 |
| 606 | 0 | @aDelphi |
| 690 | @aTP311.56@v4 | |
| 701 | 0 | @a第一时间工作室@Adi yi shi jian gong zuo shi@4编著 |
| 711 | 02 | @a第一时间工作室@Adi yi shi jian gong zuo shi@4编著 |
| 801 | 0 | @aCN@bbQSSK@c20050925 |
| 905 | @a10447@dTP311.56@eD422 | |
| Delphi程序设计技能百练/第一时间工作室编著.-北京:中国铁道出版社,2004.01 |
| 345页:图;26cm+光盘1片.-(电脑技能百练丛书) |
| ISBN 7-113-05300-9:CNY36.00 (含光盘) |
| 本书共分19章。每一章都介绍了Delphi的使用技巧,其中包括Object Pascal、界面设计、控件使用、图形图像、多媒体应用、文件处理、系统控制、高级应用等。 |
| ● |
| 相关链接 |
|
|
|
正题名:Delphi程序设计技能百练
索取号:TP311.56/D422
 
预约/预借
| 序号 | 登录号 | 条形码 | 馆藏地/架位号 | 状态 | 备注 |
| 1 | 572475 | 205724750 | 期刊室512/301自科库 43排3列2层/ [索取号:TP311.56/D422] | 在馆 | |
| 2 | 572476 | 205724769 | 期刊室512/301自科库 43排3列2层/ [索取号:TP311.56/D422] | 在馆 | |
| 3 | 572477 | 205724778 | 期刊室512/301自科库 43排3列2层/ [索取号:TP311.56/D422] | 在馆 |